[Event "Abu Dhabi Masters 28th"]
[Site "Abu Dhabi"]
[Date "2022.08.25"]
[Round "9"]
[White "Risting, Eivind Olav"]
[Black "Osunfuyi, Abimbola"]
[Result "1-0"]
[WhiteElo "2325"]
[BlackElo "2245"]
[PlyCount "105"]
[EventDate "2022.08.17"]
[EventType "swiss"]
[EventRounds "9"]
[EventCountry "UAE"]
[SourceTitle "CBM 209 Extra"]
[Source "ChessBase"]
[SourceDate "2022.09.30"]
[SourceVersion "1"]
[SourceVersionDate "2022.09.30"]
[SourceQuality "1"]

1. d4 Nf6 2. c4 c5 3. d5 b5 4. cxb5 a6 5. e3 g6 6. Nc3 Bg7 7. a4 0-0 8. Nf3 d6 9. Ra3 axb5 10. Bxb5 Nbd7 11. 0-0 Ba6 12. Bxa6 Rxa6 13. e4 Qa8 14. Qc2 Rb8 15. Nb5 Rb7 16. Nd2 Nb6 17. b3 Nfd7 18. h3 Nc8 19. Nc3 Ncb6 20. Bb2 Qf8 21. Rfa1 Nb8 22. Nb5 Ra8 23. Rd1 Na6 24. Raa1 Nb4 25. Qb1 Ra6 26. Nc4 Nxc4 27. bxc4 Bxb2 28. Qxb2 Qg7 29. Qxg7+ Kxg7 30. Rd2 Ra5 31. f4 Rd7 32. Kf2 Ra6 33. Kf3 e5 34. fxe5 dxe5 35. Ke3 f5 36. d6 Kf6 37. Nc7 Rc6 38. a5 f4+ 39. Ke2 Na6 40. Nb5 Ke6 41. Kf3 Kf6 42. g3 g5 43. gxf4 gxf4 44. Rg1 Rc8 45. Rdg2 Rc6 46. Rg5 Rcxd6 47. Rf5+ Ke6 48. Nxd6 Rxd6 49. Rgg5 Rd3+ 50. Kg4 Rg3+ 51. Kh4 Rc3 52. Rxe5+ Kd6 53. Ref5 1-0

[Event "NGR-ch"]
[Site "Lagos"]
[Date "2021.11.09"]
[Round "1"]
[White "Kigigha, Bomo"]
[Black "Osunfuyi, Abimbola"]
[Result "0-1"]
[WhiteElo "2272"]
[BlackElo "2244"]
[PlyCount "90"]
[EventDate "2021.11.09"]
[EventType "tourn"]
[EventRounds "9"]
[EventCountry "NGR"]
[EventCategory "1"]
[SourceTitle "CBM 205 Extra"]
[Source "ChessBase"]
[SourceDate "2022.01.31"]
[SourceVersion "1"]
[SourceVersionDate "2022.01.31"]
[SourceQuality "1"]

1. Nf3 c5 2. e3 Nf6 3. d4 e6 4. Be2 d5 5. 0-0 Nc6 6. c4 dxc4 7. Nc3 a6 8. Bxc4 Be7 9. a3 b5 10. Bd3 Ra7 11. Qc2 Rd7 12. Rd1 c4 13. Be2 Bb7 14. a4 b4 15. Nb1 Na5 16. Bxc4 b3 17. Qe2 Nxc4 18. Qxc4 Rc7 19. Qxb3 Qa8 20. Ne1 Bd5 21. Qd3 Bc4 22. Qc2 Qb7 23. Nc3 Bb3 24. Qd3 Bxd1 25. Qxd1 0-0 26. Nd3 Bb4 27. Bd2 Bxc3 28. Bxc3 Ne4 29. Ba5 Rcc8 30. f3 Nd6 31. Bc3 Rfd8 32. Qe2 Qb3 33. Nc5 Qc4 34. Kf2 Rc6 35. Qxc4 Nxc4 36. b3 Nd6 37. b4 h6 38. Ke2 Rb8 39. Kd3 Nb7 40. Kc4 f6 41. e4 Nd6+ 42. Kd3 Nb7 43. Kc4 Nd6+ 44. Kb3 Kf7 45. d5 Rxc5 0-1

[Event "Online Olym Div3 C"]
[Site "Chess.com INT"]
[Date "2021.08.29"]
[Round "8.1"]
[White "Makolli, Perparim"]
[Black "Osunfuyi, Abimbola"]
[Result "1/2-1/2"]
[WhiteElo "2249"]
[BlackElo "2244"]
[PlyCount "120"]
[EventDate "2021.08.27"]
[EventType "team-tourn (rapid)"]
[EventRounds "9"]
[EventCountry "USA"]
[SourceTitle "CBM 204 Extra"]
[Source "ChessBase"]
[SourceDate "2021.11.30"]
[SourceVersion "1"]
[SourceVersionDate "2021.11.30"]
[SourceQuality "1"]
[WhiteTeam "Kosovo"]
[BlackTeam "Nigeria"]
[WhiteTeamCountry "KOS"]
[BlackTeamCountry "NGR"]

1. e4 c5 2. Nf3 Nc6 3. d4 cxd4 4. Nxd4 Nf6 5. Nc3 e6 6. Ndb5 Bb4 7. a3 Bxc3+ 8. Nxc3 d5 9. exd5 exd5 10. Bd3 Bg4 11. Be2 Be6 12. 0-0 d4 13. Na2 0-0 14. Nb4 h6 15. Bf4 Re8 16. Nd3 Bd5 17. Bf3 Qb6 18. b4 a6 19. Bg3 Rad8 20. Bh4 g5 21. Bg3 Ne4 22. Bxe4 Bxe4 23. f4 Qb5 24. Qh5 gxf4 25. Qxb5 axb5 26. Bxf4 Bxd3 27. cxd3 Re6 28. Rac1 Ne7 29. Rc5 Rd5 30. Rc7 Rf5 31. Rxb7 Nd5 32. Rxb5 Ref6 33. Rb8+ Kg7 34. g3 Nxf4 35. Rxf4 Rxf4 36. gxf4 Ra6 37. Rd8 Rxa3 38. Rxd4 Kf6 39. Rd5 Ra4 40. Rd4 Kf5 41. Kg2 Kg4 42. h3+ Kh4 43. Rd6 h5 44. Rb6 Ra3 45. Rd6 Rb3 46. Rf6 Rxd3 47. Rxf7 Rg3+ 48. Kf2 Rxh3 49. Rg7 Rb3 50. f5 Rxb4 51. Ke3 Rb1 52. f6 Rf1 53. f7 Kh3 54. Ke4 h4 55. Ke5 Kh2 56. Ke6 h3 57. Rg5 Rxf7 58. Kxf7 Kh1 59. Rh5 h2 60. Rxh2+ Kxh2 1/2-1/2

[Event "Online Olym Div3 C"]
[Site "Chess.com INT"]
[Date "2021.08.28"]
[Round "5.4"]
[White "Osunfuyi, Abimbola"]
[Black "Rongwane, Gomolemo"]
[Result "1-0"]
[WhiteElo "2244"]
[BlackElo "2111"]
[PlyCount "69"]
[EventDate "2021.08.27"]
[EventType "team-tourn (rapid)"]
[EventRounds "9"]
[EventCountry "USA"]
[SourceTitle "CBM 204 Extra"]
[Source "ChessBase"]
[SourceDate "2021.11.30"]
[SourceVersion "1"]
[SourceVersionDate "2021.11.30"]
[SourceQuality "1"]
[WhiteTeam "Nigeria"]
[BlackTeam "Botswana"]
[WhiteTeamCountry "NGR"]
[BlackTeamCountry "BOT"]

1. c4 Nf6 2. g3 g6 3. Bg2 Bg7 4. Nc3 0-0 5. e4 d6 6. Nge2 e5 7. 0-0 c5 8. d3 Nc6 9. h3 h6 10. Rb1 Ne8 11. a3 a5 12. Be3 Nc7 13. Qd2 Kh7 14. f4 Rb8 15. f5 g5 16. Rf2 f6 17. h4 Rh8 18. Rbf1 Kg8 19. Bf3 Bd7 20. Bh5 Kf8 21. Rh2 Be8 22. Bxe8 Qxe8 23. Nd5 Qf7 24. Nxc7 Qxc7 25. Nc3 Ne7 26. Nb5 Qd8 27. hxg5 hxg5 28. Bxg5 Nc6 29. Rxh8+ Bxh8 30. Qh2 Bg7 31. Qh7 fxg5 32. f6 Bxf6 33. Qg6 Ke7 34. Qxf6+ Kd7 35. Qxd6+ 1-0

[Event "Africa-ch"]
[Site "Lilongwe"]
[Date "2021.05.18"]
[Round "1"]
[White "Osunfuyi, Abimbola"]
[Black "Thomas, Saah"]
[Result "1-0"]
[WhiteElo "2246"]
[BlackElo "1830"]
[PlyCount "22"]
[EventDate "2021.05.18"]
[EventType "swiss"]
[EventRounds "9"]
[EventCountry "MWI"]
[SourceTitle "EXT 2022"]
[Source "ChessBase"]
[SourceDate "2021.10.06"]
[SourceVersion "1"]
[SourceVersionDate "2021.10.06"]
[SourceQuality "1"]

1. Nf3 d5 2. c3 Nc6 3. h3 b5 4. g4 b4 5. Bg2 b3 6. a3 Bb7 7. Ne5 Nxe5 8. f3 f6 9. f4 Kd7 10. Kf2 Kd6 11. Ke3 f5 1-0

[Event "North American Blitz op 30th"]
[Site "ICC INT"]
[Date "2020.12.31"]
[Round "3"]
[White "Balogun, Oluwafemi Daniel"]
[Black "Osunfuyi, Abimbola"]
[Result "1-0"]
[WhiteElo "2247"]
[BlackElo "2246"]
[PlyCount "31"]
[EventDate "2020.12.31"]
[EventType "swiss (blitz)"]
[EventRounds "11"]
[EventCountry "USA"]
[SourceTitle "CBM 200 Extra"]
[Source "ChessBase"]
[SourceDate "2021.03.31"]
[SourceVersion "1"]
[SourceVersionDate "2021.03.31"]
[SourceQuality "1"]

1. e4 c5 2. Nf3 e6 3. d3 Nc6 4. g3 g6 5. Bg2 Bg7 6. 0-0 Nge7 7. Re1 d6 8. c3 0-0 9. h4 h6 10. Be3 e5 11. Qc1 Kh7 12. Na3 b6 13. Nc2 Ba6 14. Rd1 Rc8 15. Qb1 d5 16. b4 1-0

[Event "North American Blitz op 30th"]
[Site "ICC INT"]
[Date "2020.12.31"]
[Round "7"]
[White "Ni, Brandon"]
[Black "Osunfuyi, Abimbola"]
[Result "0-1"]
[WhiteElo "1712"]
[BlackElo "2246"]
[PlyCount "112"]
[EventDate "2020.12.31"]
[EventType "swiss (blitz)"]
[EventRounds "11"]
[EventCountry "USA"]
[SourceTitle "CBM 200 Extra"]
[Source "ChessBase"]
[SourceDate "2021.03.31"]
[SourceVersion "1"]
[SourceVersionDate "2021.03.31"]
[SourceQuality "1"]

1. d4 d5 2. Bf4 c5 3. e3 Nc6 4. c3 Qb6 5. Qc2 Nf6 6. Nf3 Bf5 7. dxc5 Bxc2 8. cxb6 axb6 9. Na3 Bg6 10. Nb5 Ra5 11. Be2 e6 12. Bc7 Nd7 13. Nd6+ Bxd6 14. Bxd6 Ne7 15. Bb4 Ra8 16. Bb5 Nc6 17. Ba3 Ra5 18. Be2 Nc5 19. 0-0 0-0 20. Nd4 Rfa8 21. Nxc6 bxc6 22. Bb4 R5a7 23. Bxc5 bxc5 24. a3 Rb7 25. b4 Rba7 26. bxc5 Rxa3 27. Rad1 Rxc3 28. Rc1 Rxc1 29. Rxc1 h5 30. h4 Ra5 31. g3 Kf8 32. Kg2 Ke7 33. Kf3 Be4+ 34. Kf4 g6 35. f3 Bf5 36. g4 Ra4+ 37. Kg3 hxg4 38. fxg4 Be4 39. h5 gxh5 40. gxh5 Kf6 41. h6 Kg6 42. h7 Kxh7 43. Bg4 Kg7 44. Be2 Ra2 45. Bg4 Rg2+ 46. Kh4 f5 47. Bh5 Kf6 48. Kh3 Rg5 49. Be2 Rg7 50. Ra1 Ke5 51. Ra6 f4 52. exf4+ Kxf4 53. Kh2 Rg2+ 54. Kh3 Rxe2 55. Rxc6 Bf5+ 56. Kh4 Rh2# 0-1

[Event "Online Olym Div4 C"]
[Site "Chess.com INT"]
[Date "2020.08.01"]
[Round "5.5"]
[White "Simelane, Wandile"]
[Black "Osunfuyi, Abimbola"]
[Result "0-1"]
[WhiteElo "1560"]
[BlackElo "2246"]
[PlyCount "48"]
[EventDate "2020.07.31"]
[EventType "team-tourn (rapid)"]
[EventRounds "9"]
[EventCountry "USA"]
[SourceTitle "CBM 198"]
[Source "ChessBase"]
[SourceDate "2020.10.31"]
[SourceVersion "1"]
[SourceVersionDate "2020.10.31"]
[SourceQuality "1"]
[WhiteTeam "Swaziland"]
[BlackTeam "Nigeria"]
[WhiteTeamCountry "SWA"]
[BlackTeamCountry "NGR"]

1. e4 c5 2. Nf3 e6 3. d3 Nc6 4. g3 Nf6 5. Bg2 d5 6. Nbd2 Be7 7. 0-0 0-0 8. e5 Nd7 9. Re1 Qc7 10. Qe2 b5 11. Nf1 Bb7 12. h4 Rfe8 13. h5 h6 14. N1h2 a5 15. Ng4 Bf8 16. c3 a4 17. Nh4 b4 18. Bxh6 gxh6 19. Nf6+ Nxf6 20. exf6 Kh7 21. Be4+ dxe4 22. Qxe4+ Kh8 23. Ng6+ fxg6 24. hxg6 Nd4 0-1

[Event "Europe Echecs online op April"]
[Site "Europe Echecs INT"]
[Date "2020.04.11"]
[Round "3"]
[White "Gozzoli, Yannick"]
[Black "Osunfuyi, Abimbola"]
[Result "1-0"]
[WhiteElo "2608"]
[BlackElo "2251"]
[PlyCount "111"]
[EventDate "2020.04.11"]
[EventType "swiss (blitz)"]
[EventRounds "11"]
[EventCountry "FRA"]
[SourceTitle "EXT 2021"]
[Source "ChessBase"]
[SourceDate "2020.10.23"]
[SourceVersion "1"]
[SourceVersionDate "2020.10.23"]
[SourceQuality "1"]

1. d4 Nf6 2. Nf3 d5 3. c4 c6 4. Nc3 a6 5. a4 e6 6. g3 dxc4 7. Bg2 c5 8. dxc5 Qxd1+ 9. Nxd1 Bxc5 10. Ne5 0-0 11. 0-0 Nc6 12. Bxc6 bxc6 13. Be3 Bxe3 14. Nxe3 Rb8 15. N3xc4 Bd7 16. Rfd1 Be8 17. Nd3 Nd5 18. Nc5 Nb4 19. e4 e5 20. Nxe5 Nc2 21. Rac1 Nb4 22. Ned7 Bxd7 23. Nxd7 Rbe8 24. Nxf8 Kxf8 25. Rc4 a5 26. Rd7 g5 27. h3 Re5 28. f4 gxf4 29. gxf4 Rh5 30. Kg2 Rh6 31. f5 Rh5 32. f6 Ke8 33. Rcd4 Nd5 34. Rd6 Nf4+ 35. Kf3 Ne6 36. Rc4 Rxh3+ 37. Kg4 Rh6 38. e5 Rg6+ 39. Kf3 c5 40. Rc3 Rg5 41. Rd5 Rf5+ 42. Ke3 Rf4 43. Rb3 Rb4 44. Rxb4 axb4 45. a5 c4 46. a6 Nc7 47. Rd6 c3 48. bxc3 b3 49. Kd2 Nb5 50. Rb6 Na3 51. Rb8+ Kd7 52. a7 Nc4+ 53. Kd3 Nxe5+ 54. Ke4 Nc6 55. a8Q Nxb8 56. Qxb8 1-0

[Event "Europe Echecs online op April"]
[Site "Europe Echecs INT"]
[Date "2020.04.11"]
[Round "8"]
[White "Osunfuyi, Abimbola"]
[Black "Monroy, Charles"]
[Result "0-1"]
[WhiteElo "2251"]
[BlackElo "2427"]
[PlyCount "42"]
[EventDate "2020.04.11"]
[EventType "swiss (blitz)"]
[EventRounds "11"]
[EventCountry "FRA"]
[SourceTitle "EXT 2021"]
[Source "ChessBase"]
[SourceDate "2020.10.23"]
[SourceVersion "1"]
[SourceVersionDate "2020.10.23"]
[SourceQuality "1"]

1. d4 Nf6 2. Nf3 e6 3. g3 d5 4. Bg2 b5 5. 0-0 Be7 6. Bg5 Nbd7 7. Qd3 a6 8. a4 b4 9. c4 bxc3 10. Nxc3 Bb7 11. Rfc1 0-0 12. a5 c5 13. Bxf6 Bxf6 14. e3 Qe7 15. e4 cxd4 16. Nxd4 Nc5 17. Qd1 Bxd4 18. Qxd4 Nb3 19. Qe3 d4 20. Nd5 Bxd5 21. Qe1 Bb7 0-1

[Event "Africa-ch Blitz"]
[Site "Casablanca"]
[Date "2019.08.28"]
[Round "2.2"]
[White "Amin, Bassem"]
[Black "Osunfuyi, Abimbola"]
[Result "1-0"]
[WhiteElo "2658"]
[BlackElo "2212"]
[PlyCount "99"]
[EventDate "2019.08.28"]
[EventType "swiss (blitz)"]
[EventRounds "9"]
[EventCountry "MAR"]
[SourceTitle "EXT 2024"]
[Source "ChessBase"]
[SourceDate "2023.10.10"]
[SourceVersion "1"]
[SourceVersionDate "2023.10.10"]
[SourceQuality "1"]

1. e4 c5 2. Nf3 e6 3. d3 Nc6 4. g3 Nf6 5. Bg2 Be7 6. 0-0 0-0 7. Re1 d6 8. c3 Qc7 9. d4 cxd4 10. cxd4 d5 11. e5 Ne4 12. Nbd2 Nxd2 13. Bxd2 Bd7 14. Bf1 Rac8 15. h4 Qb6 16. Bc3 Nb4 17. a3 Na6 18. Bd3 Bb5 19. Bc2 Nc7 20. Rc1 Ba6 21. a4 Ne8 22. Bb1 g6 23. Qd2 Ng7 24. Kg2 Bc4 25. h5 Bb3 26. a5 Qb5 27. Rh1 f5 28. exf6 Rxf6 29. hxg6 hxg6 30. Ne5 Rcf8 31. Ng4 Nf5 32. Rce1 Qc6 33. Nxf6+ Bxf6 34. Bxf5 exf5 35. Qh6 Bg7 36. Qh7+ Kf7 37. Bb4 Re8 38. Rxe8 Qxe8 39. Re1 Qh8 40. Re7+ Kf6 41. Qxh8 Bxh8 42. Rxb7 Bc2 43. Rxa7 Be4+ 44. f3 Bd3 45. Ra8 Bg7 46. a6 Ke6 47. a7 Bxd4 48. Re8+ Kf6 49. a8Q Bc4 50. Qd8+ 1-0

[Event "Africa-ch Blitz"]
[Site "Casablanca"]
[Date "2019.08.28"]
[Round "1.17"]
[White "Osunfuyi, Abimbola"]
[Black "Kouya, Tyeoulou Bernardin"]
[Result "1-0"]
[WhiteElo "2212"]
[BlackElo "1734"]
[PlyCount "37"]
[EventDate "2019.08.28"]
[EventType "swiss (blitz)"]
[EventRounds "9"]
[EventCountry "MAR"]
[SourceTitle "EXT 2024"]
[Source "ChessBase"]
[SourceDate "2023.10.10"]
[SourceVersion "1"]
[SourceVersionDate "2023.10.10"]
[SourceQuality "1"]

1. c4 c6 2. Nf3 d5 3. g3 Nf6 4. Bg2 e6 5. 0-0 Nbd7 6. b3 Be7 7. Bb2 0-0 8. Qc2 b5 9. d3 Bb7 10. e4 dxe4 11. dxe4 bxc4 12. Qxc4 Nb6 13. Qc2 Qc7 14. Nc3 Rac8 15. Rac1 Rfd8 16. Ng5 h6 17. Nh3 Nbd7 18. Na4 c5 19. Rfd1 1-0

[Event "Africa-ch Blitz"]
[Site "Casablanca"]
[Date "2019.08.28"]
[Round "7.6"]
[White "Osunfuyi, Abimbola"]
[Black "Ssegwanyi, Arthur"]
[Result "1-0"]
[WhiteElo "2212"]
[BlackElo "2301"]
[PlyCount "55"]
[EventDate "2019.08.28"]
[EventType "swiss (blitz)"]
[EventRounds "9"]
[EventCountry "MAR"]
[SourceTitle "EXT 2024"]
[Source "ChessBase"]
[SourceDate "2023.10.10"]
[SourceVersion "1"]
[SourceVersionDate "2023.10.10"]
[SourceQuality "1"]

1. c4 e6 2. g3 d5 3. Bg2 Nf6 4. Nf3 Be7 5. 0-0 0-0 6. b3 c5 7. cxd5 Qxd5 8. Bb2 Qh5 9. Ne5 Nbd7 10. Bf3 Qh3 11. e3 Nxe5 12. Bxe5 Qf5 13. Bb2 Rb8 14. Nc3 b6 15. Qe2 Bb7 16. Bxb7 Rxb7 17. d3 Rd7 18. e4 Qh3 19. f3 Rfd8 20. Rad1 Nh5 21. e5 c4 22. d4 cxb3 23. Ne4 bxa2 24. Bc3 a5 25. Rf2 h6 26. Qxa2 Rd5 27. Rfd2 f5 28. Nf2 1-0

[Event "African-ch rapid"]
[Site "Casablanca"]
[Date "2019.08.27"]
[Round "6"]
[White "Mesfin, Leykun"]
[Black "Osunfuyi, Abimbola"]
[Result "0-1"]
[WhiteElo "2151"]
[BlackElo "2235"]
[PlyCount "108"]
[EventDate "2019.08.26"]
[EventType "swiss (rapid)"]
[EventRounds "9"]
[EventCountry "MAR"]
[SourceTitle "EXT 2020"]
[Source "ChessBase"]
[SourceDate "2019.10.17"]
[SourceVersion "1"]
[SourceVersionDate "2019.10.17"]
[SourceQuality "1"]

1. e4 c5 2. Nf3 e6 3. d4 cxd4 4. Nxd4 Nc6 5. Nxc6 bxc6 6. Bd3 d5 7. 0-0 Nf6 8. e5 Nd7 9. Re1 g6 10. c4 Bg7 11. cxd5 cxd5 12. Bf4 0-0 13. Nd2 Rb8 14. b3 Qa5 15. Nf3 Ba6 16. Bxa6 Qxa6 17. Qd2 Nc5 18. Bh6 Ne4 19. Qf4 Qb6 20. Rf1 Bxh6 21. Qxh6 f6 22. exf6 Rxf6 23. Qe3 Qa5 24. Ne5 Rc8 25. Ng4 Rff8 26. f3 Nc5 27. Qd4 h5 28. Nf6+ Kf7 29. b4 Qa4 30. Nxd5 exd5 31. Qxd5+ Ne6 32. Rfe1 Qc6 33. Qb3 Qc4 34. Qa4 Qd4+ 35. Kh1 Rc7 36. Rad1 Qc3 37. h3 Rd8 38. Rb1 Rd2 39. Qa6 Qc4 40. Qa5 Qd5 41. Qa4 Rxa2 42. Rbd1 Rxa4 43. Rxd5 Rxb4 44. Rd6 Re7 45. g4 h4 46. Ra6 Rb6 47. Ra4 a6 48. f4 Nc5 49. Rxe7+ Kxe7 50. Ra3 Rb3 51. Ra5 Rxh3+ 52. Kg2 Rg3+ 53. Kf2 Kd6 54. f5 gxf5 0-1

[Event "African-ch rapid"]
[Site "Casablanca"]
[Date "2019.08.26"]
[Round "3"]
[White "Osunfuyi, Abimbola"]
[Black "Amba, Oyon Marius Claude"]
[Result "0-1"]
[WhiteElo "2235"]
[BlackElo "1911"]
[PlyCount "66"]
[EventDate "2019.08.26"]
[EventType "swiss (rapid)"]
[EventRounds "9"]
[EventCountry "MAR"]
[SourceTitle "EXT 2020"]
[Source "ChessBase"]
[SourceDate "2019.10.17"]
[SourceVersion "1"]
[SourceVersionDate "2019.10.17"]
[SourceQuality "1"]

1. c4 Nf6 2. g3 g6 3. Bg2 Bg7 4. Nc3 c5 5. d3 a6 6. a3 Qc7 7. Bf4 e5 8. Bd2 d6 9. b4 Bd7 10. Rc1 Bc6 11. Nd5 Bxd5 12. cxd5 b6 13. Nh3 Nbd7 14. 0-0 Rc8 15. e4 0-0 16. f4 exf4 17. gxf4 Nh5 18. Bf3 Bd4+ 19. Kh1 Ng7 20. Qb3 Qd8 21. Be1 cxb4 22. Rxc8 Qxc8 23. axb4 Ne5 24. fxe5 Qxh3 25. Bg2 Qh5 26. e6 Be5 27. h3 fxe6 28. Rxf8+ Kxf8 29. Bf2 Qe2 30. Bg1 Qe1 31. Qc4 Nh5 32. dxe6 Ng3+ 33. Kh2 Ne2+ 0-1

[Event "Africa-chT rapid"]
[Site "Casablanca"]
[Date "2019.08.24"]
[Round "4.4"]
[White "Osunfuyi, Abimbola"]
[Black "Arab, Adlane"]
[Result "0-1"]
[WhiteElo "2235"]
[BlackElo "2485"]
[PlyCount "138"]
[EventDate "2019.08.24"]
[EventType "team-swiss (rapid)"]
[EventRounds "9"]
[EventCountry "MAR"]
[SourceTitle "EXT 2020"]
[Source "ChessBase"]
[SourceDate "2019.10.17"]
[SourceVersion "1"]
[SourceVersionDate "2019.10.17"]
[SourceQuality "1"]
[WhiteTeam "Nigeria"]
[BlackTeam "Algeria"]
[WhiteTeamCountry "NGR"]
[BlackTeamCountry "ALG"]

1. d4 Nf6 2. Nf3 e6 3. g3 b5 4. Bg2 Bb7 5. 0-0 c5 6. c4 bxc4 7. Qa4 Nc6 8. dxc5 Bxc5 9. Qxc4 Be7 10. Nc3 d5 11. Qb5 Qd7 12. Rd1 a6 13. Qa4 Nb4 14. a3 Qxa4 15. Nxa4 Nc6 16. Bf4 Nd7 17. Rac1 Rc8 18. Be3 0-0 19. Nb6 Nxb6 20. Bxb6 Bf6 21. Rc2 Ne5 22. Rxc8 Rxc8 23. Nxe5 Bxe5 24. Bd4 Bd6 25. f4 f6 26. e3 Rc2 27. Bf1 Kf7 28. Bc3 Bc5 29. Re1 Rc1 30. Kf2 Rc2+ 31. Kg1 Rc1 32. Kf2 Rxe1 33. Bxe1 e5 34. Bc3 Ke6 35. Bh3+ Kd6 36. fxe5+ fxe5 37. Bf5 g6 38. Bd3 Bc8 39. b4 Bb6 40. a4 d4 41. Bd2 Kd5 42. e4+ Kd6 43. Kf3 Bd8 44. b5 a5 45. Bc4 h5 46. h4 Bg4+ 47. Kf2 Bd1 48. Bh6 Kc5 49. Bf7 Bxa4 50. Bf8+ Kb6 51. Bxg6 Bd1 52. Be8 a4 53. Bb4 Bf6 54. Bd6 Bg7 55. Be7 Bg4 56. Bd8+ Kb7 57. Bc6+ Kc8 58. Be7 Bd7 59. Bd5 Bxb5 60. Bf7 Bd3 61. Bxh5 Bxe4 62. Be8 Bc2 63. g4 e4 64. g5 d3 65. Bf6 d2 66. Bh5 Bxf6 67. gxf6 Kd8 68. Ke3 a3 69. Kxd2 a2 0-1

[Event "Africa-chT rapid"]
[Site "Casablanca"]
[Date "2019.08.24"]
[Round "3.5"]
[White "Osunfuyi, Abimbola"]
[Black "Silva, David Miguel Da"]
[Result "1/2-1/2"]
[WhiteElo "2235"]
[BlackElo "2239"]
[PlyCount "215"]
[EventDate "2019.08.24"]
[EventType "team-swiss (rapid)"]
[EventRounds "9"]
[EventCountry "MAR"]
[SourceTitle "EXT 2020"]
[Source "ChessBase"]
[SourceDate "2019.10.17"]
[SourceVersion "1"]
[SourceVersionDate "2019.10.17"]
[SourceQuality "1"]
[WhiteTeam "Nigeria"]
[BlackTeam "Angola"]
[WhiteTeamCountry "NGR"]
[BlackTeamCountry "ANG"]

1. d4 Nf6 2. Nf3 g6 3. g3 Bg7 4. Bg2 0-0 5. 0-0 d6 6. b3 Nbd7 7. Bb2 e5 8. c4 e4 9. Ng5 e3 10. f4 Nb6 11. Nc3 c6 12. a4 h6 13. Nge4 Nxe4 14. Bxe4 Bh3 15. Bg2 Bxg2 16. Kxg2 Re8 17. Qd3 d5 18. c5 Nd7 19. Rf3 b6 20. cxb6 Qxb6 21. Nd1 Rab8 22. Rc1 Qxb3 23. Qxb3 Rxb3 24. Rxc6 Nb6 25. a5 Nc4 26. Bc3 Rb1 27. Rf1 Rc1 28. a6 Nd2 29. Rg1 Bxd4 30. Rxg6+ fxg6 31. Bxd4 Nc4 32. Bxa7 Ra1 33. Bd4 Rxa6 34. Nc3 Nd2 35. g4 Rc6 36. Rd1 Rc4 37. Nb5 Rc2 38. Nd6 Re6 39. Be5 Rxd6 40. Bxd6 Nc4 41. Rxd5 Rxe2+ 42. Kf3 Rd2 43. Rc5 Rf2+ 44. Ke4 Nxd6+ 45. Kxe3 Rd2 46. h4 Rd1 47. h5 gxh5 48. Rxh5 Kg7 49. g5 Nf5+ 50. Ke2 Rd6 51. gxh6+ Nxh6 52. Kf3 Kg6 53. Rg5+ Kf6 54. Ra5 Nf5 55. Ke4 Rd4+ 56. Kf3 Nd6 57. Re5 Nc4 58. Rc5 Nd6 59. Re5 Rd1 60. Rc5 Rf1+ 61. Kg4 Rd1 62. Kf3 Rf1+ 63. Kg4 Rg1+ 64. Kf3 Nf5 65. Rc6+ Ke7 66. Ke4 Nd6+ 67. Kd5 Rd1+ 68. Ke5 Re1+ 69. Kd5 Nf5 70. Ra6 Kf7 71. Rb6 Ne7+ 72. Kd4 Ng6 73. f5 Ne7 74. f6 Ng8 75. Rb7+ Kxf6 76. Rb6+ Kf7 77. Rb3 Ne7 78. Rf3+ Kg6 79. Rg3+ Kf6 80. Rf3+ Nf5+ 81. Kd3 Re8 82. Rf4 Re3+ 83. Kd2 Rh3 84. Ra4 Nd6 85. Ke2 Kf5 86. Ra5+ Kf4 87. Ra8 Ke4 88. Rd8 Nc4 89. Re8+ Ne5 90. Ra8 Rh2+ 91. Kf1 Kf4 92. Ra7 Ng4 93. Rf7+ Kg3 94. Rg7 Rb2 95. Ke1 Kf3 96. Rf7+ Ke4 97. Rh7 Nf2 98. Re7+ Kf3 99. Rf7+ Ke3 100. Kf1 Nd3 101. Re7+ Kf3 102. Kg1 Nf4 103. Rf7 Rb6 104. Rf8 Rb1+ 105. Kh2 Rf1 106. Rf7 Rf2+ 107. Kg1 Rd2 108. Rf8 1/2-1/2

[Event "Accra zt 4.4"]
[Site "Accra"]
[Date "2016.04.01"]
[Round "5"]
[White "Erhabor, David"]
[Black "Osunfuyi, Abimbola"]
[Result "0-1"]
[WhiteElo "2104"]
[BlackElo "2184"]
[PlyCount "96"]
[EventDate "2016.03.29"]
[EventType "swiss"]
[EventRounds "9"]
[EventCountry "GHA"]
[SourceTitle "CBM 171 Extra"]
[Source "ChessBase"]
[SourceDate "2016.04.26"]
[SourceVersion "1"]
[SourceVersionDate "2016.04.26"]
[SourceQuality "1"]

1. d4 Nf6 2. Nf3 g6 3. Bf4 Bg7 4. e3 0-0 5. Be2 c5 6. c3 b6 7. 0-0 d6 8. h3 Bb7 9. Nbd2 Nbd7 10. Rc1 Rc8 11. b4 cxb4 12. cxb4 Rxc1 13. Qxc1 Nd5 14. Qa3 Nxf4 15. exf4 Qa8 16. Rc1 Nf6 17. Ba6 Rc8 18. Bxb7 Rxc1+ 19. Qxc1 Qxb7 20. b5 Nd5 21. g3 Qc7 22. Qa3 Nc3 23. Qb2 Ne2+ 24. Kg2 Qc3 25. Qb1 Nxd4 26. Qe4 Nxf3 27. Nxf3 Bf8 28. Qc6 Qb2 29. a4 Qb4 30. Qe8 h6 31. Nh2 Qe4+ 32. Kg1 h5 33. a5 bxa5 34. Qc6 Qd4 35. Nf3 Qb6 36. Qe8 e6 37. g4 hxg4 38. hxg4 d5 39. Ne5 Qc7 40. Nd7 Qd6 41. g5 Kg7 42. Ne5 Qe7 43. Qc8 Qc5 44. Qb7 Qc1+ 45. Kg2 Qxf4 46. Nc6 Bc5 47. Nxa5 Qxf2+ 48. Kh3 Bd6 0-1

[Event "Lagos Friends of Chess"]
[Site "Lagos"]
[Date "2015.08.09"]
[Round "7"]
[White "Osunfuyi, Abimbola"]
[Black "Okpo, Uwe"]
[Result "1/2-1/2"]
[WhiteElo "2198"]
[BlackElo "1907"]
[PlyCount "26"]
[EventDate "2015.08.06"]
[EventType "swiss"]
[EventRounds "7"]
[EventCountry "NGR"]
[SourceTitle "EXT 2018"]
[Source "ChessBase"]
[SourceDate "2017.10.13"]
[SourceVersion "1"]
[SourceVersionDate "2017.10.13"]
[SourceQuality "1"]

1. e4 d5 2. exd5 Qxd5 3. Nc3 Qa5 4. d4 Nf6 5. Bc4 Bf5 6. Nf3 e6 7. 0-0 c6 8. Re1 Be7 9. Bd2 0-0 10. Nd5 Qd8 11. Nxe7+ Qxe7 12. Bg5 Nbd7 13. c3 Qd6 1/2-1/2

[Event "Lagos Friends of Chess"]
[Site "Lagos"]
[Date "2015.08.07"]
[Round "4"]
[White "Balogun, Oluwafemi Daniel"]
[Black "Osunfuyi, Abimbola"]
[Result "1/2-1/2"]
[WhiteElo "2234"]
[BlackElo "2198"]
[PlyCount "75"]
[EventDate "2015.08.06"]
[EventType "swiss"]
[EventRounds "7"]
[EventCountry "NGR"]
[SourceTitle "EXT 2018"]
[Source "ChessBase"]
[SourceDate "2017.10.13"]
[SourceVersion "1"]
[SourceVersionDate "2017.10.13"]
[SourceQuality "1"]

1. e4 e6 2. d3 d5 3. Nd2 Nf6 4. g3 c5 5. Bg2 Nc6 6. Ngf3 b5 7. 0-0 Bb7 8. Re1 Be7 9. h4 a5 10. e5 Nd7 11. Nf1 c4 12. d4 a4 13. a3 Nb6 14. c3 h6 15. h5 Na5 16. Bf4 Kd7 17. N1h2 Nb3 18. Rb1 Qg8 19. Ng4 Qh7 20. Nd2 Kc7 21. Qe2 Bc6 22. Rbd1 Raf8 23. Nxb3 axb3 24. Bc1 Bd7 25. Bf4 Bg5 26. Bc1 Bxc1 27. Rxc1 Qf5 28. Ne3 Qg5 29. Qg4 Qxg4 30. Nxg4 Na4 31. Re2 Ra8 32. f4 Nb6 33. Kf2 Ra7 34. Bf3 Rha8 35. Ne3 Bc6 36. g4 Na4 37. Nd1 Kb6 38. Ke3 1/2-1/2